000 00508cam9a220018100 4500
001 tmp15763506
003 UPRA
005 20190813161608.0
008 951023n xx eng u
035 _a(Sirsi) r43177
035 _a(UPRA)tmp15763506
040 _cUPRA
245 0 0 _aClinical problems in pediatrics.
949 _aRJ242
_wLC
_i-53053
_mMEDICAL
_tBOOK
_lON-SHELF
949 _aRJ242
_wLC
_i-53054
_mMEDICAL
_tBOOK
_lON-SHELF
949 _aRJ242
_wLC
_i-53055
_mMEDICAL
_tBOOK
_lON-SHELF
004 43177
999 _c38532
_d38532